Normal view
MARC view
- Usman Hussain Malik
Entry Personal Name
001 - CONTROL NUMBER
- control field: 93406
003 - CONTROL NUMBER IDENTIFIER
- control field: NUST
005 - DATE AND TIME OF LATEST TRANSACTION
- control field: 20220707162158.0
008 - FIXED-LENGTH DATA ELEMENTS
- fixed length control field: 220707|| aca||aabn | a|a d
040 ## - CATALOGING SOURCE
- Original cataloging agency: NUST
- Transcribing agency: NUST
100 ## - HEADING--PERSONAL NAME
- Personal name: Usman Hussain Malik
670 ## - SOURCE DATA FOUND
- Source citation: Work cat.: (NUST)11321: Ahmed Tariq 48312, Nodal based wireless sensor network, 2012
